2003 MLB Playoff Lineups - Statistics

General Stats
  • This quiz has been taken 24 times
  • The average score is 51 of 106
Answer Stats
Hint Hint Answer % Correct
Atlanta Braves CF Andruw Jones
100%
San Francisco Giants LF Barry Bonds
100%
Atlanta Braves LF Chipper Jones
100%
Boston Red Sox DH David Ortiz
100%
New York Yankees SS Derek Jeter
100%
Minnesota Twins RF Jacque Jones
100%
Atlanta Braves SP Russ Ortiz
100%
Chicago Cubs 3B Aramis Ramirez
90%
Oakland Athletics SP Barry Zito
90%
New York Yankees CF Bernie Williams
90%
Florida Marlins C Ivan Rodriguez
90%
Atlanta Braves C Javy Lopez
90%
San Francisco Giants SP Jerome Williams
90%
New York Yankees C Jorge Posada
90%
Boston Red Sox LF Manny Ramirez
90%
New York Yankees 1B Nick Johnson
90%
Boston Red Sox SP Pedro Martinez
90%
Florida Marlins 1B Derrek Lee
80%
Atlanta Braves SP Greg Maddux
80%
Boston Red Sox C Jason Varitek
80%
New York Yankees MGR Joe Torre
80%
Boston Red Sox 1B Kevin Millar
80%
Florida Marlins RF Miguel Cabrera
80%
New York Yankees SP Roger Clemens
80%
New York Yankees 2B Alfonso Soriano
70%
New York Yankees SP Andy Pettitte
70%
New York Yankees DH Jason Giambi
70%
Florida Marlins SP Josh Beckett
70%
Florida Marlins CF Juan Pierre
70%
Oakland Athletics SS Miguel Tejada
70%
Oakland Athletics C Ramon Hernandez
70%
Chicago Cubs | Florida Marlins SS Alex Gonzalez
60%
Atlanta Braves MGR Bobby Cox
60%
New York Yankees SP David Wells
60%
Chicago Cubs MGR Dusty Baker
60%
Minnesota Twins SP Johan Santana
60%
Chicago Cubs RF Sammy Sosa
60%
Oakland Athletics SP Tim Hudson
60%
Boston Red Sox SP Derek Lowe
50%
New York Yankees LF Hideki Matsui
50%
Boston Red Sox CF Johnny Damon
50%
New York Yankees RF Karim Garcia
50%
Chicago Cubs CF Kenny Lofton
50%
Florida Marlins 2B Luis Castillo
50%
New York Yankees SP Mike Mussina
50%
Atlanta Braves SS Rafael Furcal
50%
Oakland Athletics 1B Scott Hatteberg
50%
Boston Red Sox SP Tim Wakefield
50%
Boston Red Sox RF Trot Nixon
50%
New York Yankees 3B Aaron Boone
40%
San Francisco Giants C Benito Santiago
40%
Boston Red Sox 3B Bill Mueller
40%
Chicago Cubs SP Carlos Zambrano
40%
Chicago Cubs C Damian Miller
40%
Florida Marlins SP Dontrelle Willis
40%
Oakland Athletics 3B Eric Chavez
40%
San Francisco Giants MGR Felipe Alou
40%
Atlanta Braves RF Gary Sheffield
40%
Boston Red Sox MGR Grady Little
40%
Florida Marlins MGR Jack McKeon
40%
Florida Marlins LF Jeff Conine
40%
San Francisco Giants 1B J.T. Snow
40%
Chicago Cubs SP Kerry Wood
40%
Atlanta Braves 2B Marcus Giles
40%
Chicago Cubs SP Mark Prior
40%
Florida Marlins 3B Mike Lowell
40%
Chicago Cubs LF Moises Alou
40%
San Francisco Giants SS Rich Aurilia
40%
Minnesota Twins MGR Ron Gardenhire
40%
Minnesota Twins CF Torii Hunter
40%
Atlanta Braves 3B Vinny Castilla
40%
Florida Marlins SP Brad Penny
30%
Minnesota Twins SP Brad Radke
30%
San Francisco Giants SP Jason Schmidt
30%
San Francisco Giants RF Jose Cruz
30%
Atlanta Braves 1B Julio Franco
30%
San Francisco Giants SP Kirk Rueter
30%
Boston Red Sox SS Nomar Garciaparra
30%
Minnesota Twins C A.J. Pierzynski
20%
Florida Marlins SP Carl Pavano
20%
Minnesota Twins 3B Corey Koskie
20%
Minnesota Twins SS Cristian Guzman
20%
San Francisco Giants 3B Edgardo Alfonzo
20%
Boston Red Sox SP John Burkett
20%
Florida Marlins SP Mark Redman
20%
San Francisco Giants CF Marquis Grissom
20%
San Francisco Giants 2B Ray Durham
20%
Boston Red Sox 2B Todd Walker
20%
Minnesota Twins 1B Doug Mientkiewicz
10%
Oakland Athletics CF Eric Byrnes
10%
Oakland Athletics DH Erubiel Durazo
10%
Oakland Athletics RF Jermaine Dye
10%
Oakland Athletics LF Jose Guillen
10%
Minnesota Twins 2B Luis Rivas
10%
Oakland Athletics 2B Mark Ellis
10%
Chicago Cubs 2B Mark Grudzielanek
10%
Chicago Cubs SP Matt Clement
10%
Oakland Athletics SP Ted Lilly
10%
Chicago Cubs 1B Eric Karros
0%
Oakland Athletics MGR Ken Macha
0%
Minnesota Twins SP Kyle Lohse
0%
Minnesota Twins DH Matt LeCroy
0%
Atlanta Braves SP Mike Hampton
0%
Minnesota Twins LF Shannon Stewart
0%
San Francisco Giants SP Sidney Ponson
0%
No matching quizzes found
Score Distribution
Percent of People with Each Score
Percentile by Number Answered
Your Score History
You have not taken this quiz